Music Quiz

Random Music Quiz

Beyonce Chain Game Quiz Stats

 Plays Quiz not verified by Sporcle

Challenge
Share
Tweet
Embed
Score 0/28 Timer 04:00
0 Plays Today
Hint Answer % Correct
????
100%
????
98.8%
????
96.5%
????
27.6%
????
27.1%
????
27.1%
????
27.1%
????
1.8%
????
1.8%
????
1.8%
????
1.8%
????
1.2%
????
1.2%
????
1.2%
Hint Answer % Correct
????
0%
????
0%
????
0%
????
0%
????
0%
????
0%
????
0%
????
0%
????
0%
????
0%
????
0%
????
0%
????
0%
????
0%

You're not logged in!

Compare scores with friends on all Sporcle quizzes.
Join for Free
OR
Log In

You Might Also Like...

Show Comments

Extras

Top Quizzes Today


Score Distribution

Your Account Isn't Verified!

In order to create a playlist on Sporcle, you need to verify the email address you used during registration. Go to your Sporcle Settings to finish the process.

Report this User

Report this user for behavior that violates our Community Guidelines.

Details: